Представление документа в формате RUSMARC

ПолеНазваниеЗначение
  Тип записи c
  Библиографический уровень m
001 Контрольный номер UONB/MAIN/2816ba11d7204c04add0483cc3baa6c0
005 Дата корректировки 20241119125758.2
010 Индекс ISBN __
9 Тираж 3000 экз.
013 Номер (ISMN) __
d Цена 60 к.
071 Издательские номер (звукозапись и ноты) 21
a Номер, присвоенный агентством 710
100 Данные общей обработки __
a Данные общей обработки 20241113b1979 u y0rusy0189 ca
101 Язык документа 0_
a Язык текста rus
c Язык оригинала rus
102 Страна публикации __
a Страна публикации RU
125 Кодированные данные звукозаписи и нотных изданий __
a Форма изложения нотного текста с
128 Кодированные данные (звукозаписи-физические характеристики) __
a Кодированные данные: Музыкальная форма и тональность или лад zz
c Инструменты или голоса, рекомендуемые для солистов (устаревшее) kt
b Инструменты или голоса, необходимые для ансамблей (устаревшее) ot
200 Заглавие и сведения об ответственности 1_
a Заглавие Вып. 9
e Сведения, относящиеся к заглавию для баяна и ансамблей с баяном
f Первые сведения об ответственности составитель В. Ивановский
203 Вид содержания и тип средства __
a Вид содержания Музыка
b Характеристика содержания знаковая
c Тип средства непосредственная
210 Выходные данные 1_
d Дата издания 1979
215 Физическое описание __
a Объем 39 с.
327 Примечание о содержании 11
a Примечание о содержании Содерж.: Дмитриев В. Концертные пьесы для баяна : Камаринская : из мюзикла "Левша". Дугушин А. Веселый хоровод. Концертные пьесы для ансамблей русских народных инструментов : Слонимский С. Легенда. Петров А. Юмореска. Кравченко Б. Плясовая. Смоленский гусачок : рус. нар. танец / обработка Г. Андрюшенкова.
461 Уровень набора _0
1 2001
a Русский сувенир
f сборник пьес
v Вып. 9
1 2101
a Ленинград
a Москва
c 1971 -
1 001UONB/MAIN/41998ebc9ff243ffa7236120b38fda0c
1 215
d 29 см
464 Аналитический уровень _0
1 700 1
a Дмитриев
b В.
1 2001
a Камаринская
e из мюзикла "Левша"
1 50010
a Левша
464 Аналитический уровень _0
1 700 1
a Дугушин
b А.
1 2001
a Веселый хоровод
464 Аналитический уровень _0
1 700 1
a Слонимский
b С.
1 2001
a Легенда
464 Аналитический уровень _0
1 700 1
a Петров
b А.
1 2001
a Юмореска
464 Аналитический уровень _0
1 700 1
a Кравченко
b Б.
1 2001
a Плясовая
464 Аналитический уровень _0
1 702 1
a Андрюшенков
b Г.
4 030
1 2001
a Смоленский гусачок
e русский народный танец
606 Тематические рубрики 0_
a Основная рубрика Баян
x Основная подрубрика Пьесы советских композиторов
606 Тематические рубрики 0_
a Основная рубрика Ансамбли русских народных инструментов
610 Ключевые слова 0_
a Ключевые слова баян; пьесы советских композиторов; ансамбли русских народных инструментов
686 Индексы других классификаций __
2 Код системы rubbk
a Классификационный индекс 85.954.6я43
686 Индексы других классификаций __
a Классификационный индекс 85.952.19(2Рос)я43П
702 Вторичная интеллектуальная ответственность _1
a Фамилия Ивановский
b Имя (инициалы) В. А.
g Полное личное имя Владислав Александрович
801 Источник записи _0
a Страна RU
b Организация Ульяновская ОНБ
c Дата составления 20241113
g Правила каталогизации RCR
801 Источник записи _1
a Страна RU
b Организация Ульяновская ОНБ
c Дата составления 20241113
g Правила каталогизации RCR
901 Тип документа __
t Тип документа n
w Контрольный № источника UONB/MAIN/41998ebc9ff243ffa7236120b38fda0c
909 Создатель записи __
a Создатель записи Никитина Т. А.
b Дата создания записи 20241113